000 00291nam a22001337a 4500
008 181008b xxu||||| |||| 00| 0 eng d
020 _a9780814251799
041 _aeng
080 _211 ED
_a370
100 _a47
101 _aEDU
245 _aLanguage Files
_cVedrana.M
942 _2udc
_cBK
999 _c49013
_d49013